Se buscan buenos empleos: los mercados laborales en América Latina

Kaydedildi:
Detaylı Bibliyografya
Asıl Yazarlar: Pagés, Carmen (autora), Funaro, Carmen (Yazar)
Materyal Türü: Kitap
Dil:İspanyolca
Baskı/Yayın Bilgisi: Bogotá Banco Interamericano de Desarrollo 2005
Seri Bilgileri:Desarrollo para Todos, 3
Konular:
Etiketler: Etiketle
Etiket eklenmemiş, İlk siz ekleyin!

MARC

LEADER 00000nam a2200000 a 4500
001 UCK3692
003 CL-VaPUC
008 050506e20050000CK |||||||||||||||||spa|d
020 |a 9586825477 
082 0 4 |a 331.12  |b PAG  |2 21 
100 |a Pagés, Carmen  |e autora  |9 491931 
700 0 |a Funaro, Carmen  |e author  |9 491932 
245 1 0 |a Se buscan buenos empleos: los mercados laborales en América Latina 
300 |a 64 p 
942 |c BK 
945 |d 20050506 00:00:00  |a cmena 
260 |a Bogotá  |b Banco Interamericano de Desarrollo  |c 2005 
650 0 |a Mercado laboral   |9 375911 
650 0 |a Trabajo y empleo  |9 315054 
650 0 |a Desempleo   |9 257579 
650 0 |a Política económica   |9 255029 
650 0 |a Problemas sociales  |9 258537 
651 0 |a América Latina   |9 255027 
583 |a last modification  |c 20050506 00:00:00  |k Rodrigo Vera 
490 0 |a Desarrollo para Todos, 3 
999 |c 312810  |d 312808 
952 |0 0  |1 0  |4 0  |6 331_120000000000000_PAG_2005  |7 0  |8 A  |9 383645  |a BIBGIM  |b BIBGIM  |d 2019-11-21  |i 4117395  |o 331.12 PAG 2005  |p 4117395  |r 2025-01-15  |w 2019-11-21  |y BK  |k GIM